Kit Connor Filmography - Statistics

General Stats
  • This quiz has been taken 64 times
    27 since last reset
  • The average score is 8 of 34
Answer Stats
Type Year Name % Correct
Web Series 2022-2024 Heartstopper
100%
Film 2019 Rocketman
75%
Theater 2024-2025 Romeo + Juliet
75%
Film 2025 Warfare
75%
Film 2024 The Wild Robot
69%
Film 2014 Get Santa
56%
Film 2026 A Cuban Girl's Guide to Tea and Tomorrow
31%
TV Film 2018 Grandpa's Great Escape
31%
TV Show 2019-2022 His Dark Materials
25%
TV Show 2014-2015 Rocket's Island
25%
TV Show 2013 Chickens
19%
Podcast 2022 Oliver Twist
19%
Film TBA One of Us
19%
Film 2018 Slaughterhouse Rulez
19%
Film 2018 The Guernsey Literary and Potato Peel Pie Society
19%
TV Show 2013 Casualty
13%
Film 2019 Little Joe
13%
Film TBA Rapture
13%
Film 2018 Ready Player One
13%
TV Show 2022 Celebrity Gogglebox
6%
Theater 2018 Fanny & Alexander
6%
TV Show 2016 Grantchester
6%
TV Special 2022 Joe Lycett's Big Pride Party
6%
Film 2015 Mr. Holmes
6%
TV Show 2015 The Frankenstein Chronicles
6%
Film 2018 The Mercy
6%
TV Mini-Series 2016 War & Peace
6%
TV Film 2013 An Adventure in Space and Time
0%
Video Game 2022 A Plague Tale: Requiem
0%
Video Game 2017 Blackwood Crossing
0%
Video Game 2020 Dreams
0%
TV Mini-Series 2017 SS-GB
0%
Theater 2016 Welcome Home, Captain Fox!
0%
Video Game 2022 Xenoblade Chronicles 3
0%
No matching quizzes found
Score Distribution
Percent of People with Each Score
Percentile by Number Answered
Your Score History
You have not taken this quiz since the last reset